| 000 | 00424nam a22001697a 4500 | ||
|---|---|---|---|
| 003 | SGT | ||
| 020 | _a9788184486322 | ||
| 082 |
_a362.11 _bP24S |
||
| 100 | _aSAKHARKAR, BM | ||
| 245 | _aPRINCIPILES OF HOSPITAL ADMINISTRATION & PLANNING | ||
| 250 | _a2ND | ||
| 260 |
_aINDIA _bJAYPEE PUB _c2024 |
||
| 300 | _a381 | ||
| 650 | _aHOSPITAL ADMINISTRATION | ||
| 653 | _aHOSPITAL ADMINISTRATION & PLANNING | ||
| 942 |
_2ddc _cBK |
||
| 999 |
_c33795 _d33795 |
||